Alle Staaten der Welt nach Hinweis - Statistiken

Allgemein
  • Dieses Quiz wurde 64 mal gespielt
    29 seit der letzten Aktualisierung
  • Das Durchschnittsergebnis liegt bei 81 aus 197
Antwortstatistiken
Hinweis Staat % Korrekt
Besteht aus den Landesteilen Flandern und Wallonien Belgien
83%
Heimat von Sushi, Sake und Samurais Japan
83%
Die große Mehrheit aller Alpakas der Welt leben in diesem Andenstaat Peru
83%
Viele beliebte Urlaubsinseln wie Mallorca, Ibiza oder Gran Canaria gehören zu diesem Land Spanien
83%
Kleinster Staat Südamerikas mit Amtssprache Niederländisch Suriname
83%
Dieser kleine Staat im Himalaya ist CO2-negativ Bhutan
78%
Männerfußball-Rekord-Weltmeister und größter Staat Südamerikas Brasilien
78%
Durch diesen Staat verläuft ein Kanal, welcher den Pazifik mit dem Atlantik verbindet Panama
78%
Dieses zentralamerikanisches Land hat sein Militär abgeschafft und zeichnet sich durch enorme Artenvielfalt aus Costa Rica
72%
Zwischen dem zweiten Weltkrieg und dem 3.10.1990 war dieses Land geteilt Deutschland
72%
Mikrostaat an der Cote d'Azur mit berühmten Kasinos und Formel-1-Rennen Monaco
72%
Von der Kim-Dynastie beherrschte Diktatur in Ostasien Nordkorea
72%
Flächenmäßig größter Staat der Erde Russland
72%
Heimat des Tangos und von Lionel Messi Argentinien
67%
Staat, der zu großen Teilen im Mündungsdelta von Ganges und Brahmaputra liegt Bangladesch
67%
Von der Einwohneranzahl kleinster Staat auf dem Zentralamerikanischem Festland mit Englisch als Amtssprache Belize
67%
Länglicher Staat an der südamerikanischen Pazifikküste Chile
67%
Diese Land besteht u.a. aus den Inseln Seeland, Fünen, Lolland und Bornholm Dänemark
67%
In diesem Land wurde die Sauna erfunden Finnland
67%
Dieser Staat sieht auf Landkarten aus wie ein Stiefel Italien
67%
In diesem Staat findet sich die antike Felsenstadt Petra Jordanien
67%
Popsängerin Shakira und Buchautor Gabriel Garcia Marquez stammen aus diesem Land Kolumbien
67%
Dieser aus den Balkankriegen hervorgegangene Staat wurde 2008 unabhängig, was aber nicht von allen Staaten anerkannt wird Kosovo
67%
Bewohner dieses Staates nennen sich Kiwis Neuseeland
67%
Dieser Staat in Westeuropa ist Weltmarktführer in der Produktion von Kork Portugal
67%
Südeuropäischer Mikrostaat, der 301 von einem Heiligen gegründet worden sein soll San Marino
67%
Die Apartheits-Politik dieses Landes wurde durch den ANC mit ihrem Anführer Nelson Mandela überwunden Südafrika
67%
Der in diesem Land produzierte K-Pop hat mittlerweile weltweit viele Fans Südkorea
67%
In diesem Land befinden sich viele antike und bronzezeitliche Städte wie Palmyra oder Aleppo Syrien
67%
Dieses Land wurde von seinem Nachbarn überfallen, nachdem dieser bereits zuvor die Krimhalbinsel dieses Landes annektieren konnte Ukraine
67%
Besteht aus den Landesteilen England, Schottland, Wales und Nordirland Vereinigtes Königreich
67%
Dieser Staat liegt auf der Ostseite der Insel Hispaniola Dominikanische Republik
61%
Dieses Land ist nach einem Produkt aus Elefantenstoßzähnen benannt Elfenbeinküste
61%
Mit den bronzezeitlichen Hochkulturen der Minoer und Mykener gilt dieser Staat als Wiege der Europäischen Kultur Griechenland
61%
Dieser Staat wurde von freigelassenen Sklaven aus Amerika gegründet Liberia
61%
In diesem Land befindet sich das Atlas und das Rif-Gebirge Marokko
61%
Am dünnsten besiedelstes Land der Erde mit teilweise nomadisch lebenden Menschen Mongolei
61%
Dieses Land heißt wie der längste Fluss Westafrikas Niger
61%
Der Kilimanjaro, höchster Berg Afrikas, befindet sich in diesem Land Tansania
61%
Kleinster Staat der Erde Vatikanstadt
61%
Dieses südamerikanische Land hat den höchstgelegensten Regierungssitz der Erde und ist nach einem Antikolonialen Anführer benannt Bolivien
56%
Die Ermordung eines habsburgischen Prinzen in der Hauptstadt dieses Landes löste den Ersten Weltkrieg aus Bosnien und Herzegowina
56%
Kleines, an Öl reiches Sultanat auf Borneo Brunei
56%
Kleiner Staat am Horn von Afrika mit vielen Militärbasen unterschiedlicher Länder Dschibuti
56%
Dieses Land besteht aus den historischen Regionen Kurland, Livland, Semgallen und Lettgallen Lettland
56%
Mikrostaat in den Alpen am Rhein Liechtenstein
56%
In diesem zentralamerikanischen Land sind die Sandinisten aktiv Nicaragua
56%
Bevölkerungsreichster Staat Afrikas Nigeria
56%
Dieser zentralafrikanische Staat war von 1963 bis 1991 der erste sozialistische Staat Afrikas Republik Kongo
56%
Dieser Staat wurde 2011 unabhängig, war danach aber Schausplatz eines Bürgerkrieges Südsudan
56%
Dieses Land war lange als Siam bekannt Thailand
56%
Dieses Land wird auf seiner Landessprache Magyarország genannt Ungarn
56%
Gastgeber und Sieger der ersten Männerfußball-WM Uruguay
56%
Der Grillkäse Haloumi kommt von dieser Mittelmeerinsel Zypern
56%
Popsängerin Rihanna wurde auf dieser Karibikinsel geboren Barbados
50%
Dieser Kaukasusstaat wird von seinen Einwohner*innen Sakartwelo genannt Georgien
50%
Mittlerweile bevölkerungsreichster Staat der Erde Indien
50%
Dieses Land wurde früher häufig Persien genannt Iran
50%
Vulkaninselstaat im Nordatlantik Island
50%
Inselstaat im Indischen Ozean, zu dessen Archipel auch das französische Überseegebiet Mayotte gehört Komoren
50%
Die Hunderasse der Dalmatiner stammt aus diesem Land Kroatien
50%
Bergiges Königreich im Süden Afrikas, auf dessen Flagge ein Mokorotlo-Hut abgebildet ist Lesotho
50%
Einziger Staat der Erde, dessen Flagge kein Viereck ist Nepal
50%
Dieser Arabische Staat etablierte im 18. Jahrhundert eine Kolonie auf Sansibar Oman
50%
In diesem Staat befinden sich die wichtigsten muslimischen Pilgerstätten Mekka und Medina Saudi-Arabien
50%
Dieser südasiatische Inselstaat war früher über die Adamsbrücke mit dem Festland verbunden Sri Lanka
50%
Dieser Staat wird von den Taliban beherrscht Afghanistan
44%
In diesem Staat steht die Cheops-Pyramide und das Tal der Könige Ägypten
44%
Mikrostaat in den Pyrenäen Andorra
44%
In diesem Staat sind Koalas, Kängurus und Emus endemisch Australien
44%
Dieser kleine Staat am Tanganjikasee hat den weltweit kleinster Pro-Kopf-BIP Burundi
44%
Die Geschichte dieses Landes beinhaltet verschiedene Kaiserdynastien wie Ming, Tang oder Han China
44%
In dieser ehemalig italienischen Kolonie in Ostafrika ist Radsport Nationalsport Eritrea
44%
Der klassische Komponist Arvo Pärt kommt aus diesem baltischen Land Estland
44%
Diese Monarchie im südlichen Afrika ist der flächenmäßig zweitkleinste Staat in Kontinental-Afrika Eswatini
44%
In diesem Land gibt es Regionen wie die Bretagne, die Normandie oder die Provence Frankreich
44%
In diesem Land befanden sich die Maya-Städte Tikal und Calakmul Guatemala
44%
Der Nationalheilige dieses Landes ist St. Patrick Irland
44%
Auf der Flagge dieses Staates findet sich die Tempelanlage von Angkor Wat Kambodscha
44%
Die Fußballer Samuel Eto'o und André Onana kommen aus diesem Land Kamerun
44%
Auf der Flagge dieses Staates ist ein Ahornblatt Kanada
44%
Im ausgehenden Mittelalter war dieser Baltikumsstaat der flächenmäßig größte Staat Europas Litauen
44%
Diese Inselgruppe im Indischen Ozean besteht aus Inseln für Touristen und Inseln für Einheimische Malediven
44%
Skandinavischer Staat mit beeindruckenden Fjord-Landschaften Norwegen
44%
Heimat von Musikern wie Mozart, Bruckner, Falco und Moneyboy Österreich
44%
Dieser südamerikanische Staat verlor im Krieg der Triple-Allianz einen Großteil seiner männlichen Bevölkerung Paraguay
44%
Die Regionen Wallachei und Transsylvanien befinden sich in diesem Land Rumänien
44%
Auf dieser Inselgruppe im Indischen Ozean leben Aldebara-Riesenschildkröten, die über 100 Jahre alt werden können Seychellen
44%
Insbesondere in der Region Dafur wütet ein tödlicher Bürgerkrieg Sudan
44%
Das antike Karthago lag in diesem nordafrikanischen Land Tunesien
44%
Ein nicht unwesentlicher Teil des BIPs dieses Südseestaates kommt durch die Nutzung seiner Top-Level-Domain von Fernsehsendern Tuvalu
44%
Die Seidenstraßestädte Samarkand und Buchara befinden sich in diesem Zentralasiatischen Land Usbekistan
44%
Südamerikanischer Staat mit den größten bekannten Erdölreserven Venezuela
44%
In diesem Staat befindet sich das höchste Hochhaus der Welt Vereinigte Arabische Emirate
44%
Große Teile dieses Landes haben den Nachnamen Nguyen Vietnam
44%
Flächenmäßig größtenteils auf dem afrikanischem Festland, ist die Hauptstadt und ein Fünftel Bevölkerung auf der Insel Bioko Äquatorialguinea
39%
Dieser Staat konnte 2024 die umstrittene Region Arzach/Bergkarabach erobern Aserbaidschan
39%
Inselstaat im Persischen/Arabischen Golf, der über eine Brücke mit dem arabischen Festland verbunden ist Bahrain
39%
In diesem Land befindet sich das Okavangodelta mit seiner spektakulären Tierwelt (inkl. Elefanten, Löwen, Krokodilen etc.) Botswana
39%
Früher hieß dieses Land Zaire Demokratische Republik Kongo
39%
Auf den zu diesem Land gehörenden Galapagosinseln ließ sich Darwin zu seiner Evolutionstheorie inspirieren Ecuador
39%
Übersetzt heißt dieses Land "Der Erlöser" El Salvador
39%
Da die 7er-Rugby-Mannschaft der Männer 2016 die olympische Goldmedaille holte, führte dieser Pazifikstaat eine 7-Dollar-Note ein Fidschi
39%
Mit dem Namen dieses Landes wurde früher weite Teile Westafrikas bezeichnet Guinea
39%
Großer Inselstaat mit Inseln wie Sumatra, Java oder Sulawesi Indonesien
39%
Die Geographie dieses Landes wird stark durch die Flüsse Euphrat und Tigris geprägt Irak
39%
Einziger Staat mit jüdischer Bevölkerungsmehrheit Israel
39%
Heimat von Ska, Rocksteady, Reggea und Dub Jamaika
39%
Mokka-Kaffee stammt aus einer gleichnamigen Stadt in diesem arabischen Land Jemen
39%
Inselgruppe im Atlantik, welcher 1456 von Alvise Cadamosto entdeckt wurde Kap Verde
39%
In diesem Emirat fand 2022 die Weltmeisterschaft im Männerfußball statt Katar
39%
1990 orderte Saddam Hussein eine Invasion dieses Landes, welche durch eine internationale Koalition zurückgeschlagen werden konnte Kuwait
39%
Das Schengen-Abkommen ist nach einem Grenzort in diesem Land benannt Luxemburg
39%
Die Hauptstadt dieses Staates wurde von den Azteken gegründet Mexiko
39%
Teil des Staatsgebietes ist die de facto unabhängige Republik Transnistrien Moldawien
39%
Auf der Flagge dieses afrikanischen Staates findet sich eine Hacke, eine Kalaschnikow und ein Buch Mosambik
39%
Kleinste Republik der Welt, welche durch Phosphatabbau vorrübergehend ziemlich reich wurde Nauru
39%
Der aktuelle Namen dieses Staates ging aus einem langen Streit mit dem südlichen Nachbarn hervor, bei dem auch das nationale Erbe Alexanders des Großen eine Rolle spielte Nordmazedonien
39%
Ostteil einer Insel mit unglaublich hoher Anzahl an unterschiedlichen Sprachen Papua-Neuguinea
39%
Dieser Staat hieß früher Rhodesien und wurde in dieser Zeit von einem Apartheidsregime regiert Simbabwe
39%
Nach Ende des Kalten Krieges trennte sich dieser Staat in der Samtenen Revolution friedlich von seinem westlichen Nachbarn Slowakei
39%
Der amerikanische Gründervater und Musicalstar Alexander Hamilton wurde in diesem Karibikstaat geboren St Kitts und Nevis
39%
Dieses Land ist nicht zum Mitnehmen, sondern in Westafrika Togo
39%
Die Flagge dieses Staates repräsentiert die 13 Gründungsstaaten und die 50 aktuellen Staaten Vereinigte Staaten
39%
Dieses Land wurde während des Kalten Krieges von Enver Hoxha regierte, welcher viele Bunker bauen ließ Albanien
33%
Dieser Staat ist der flächenmäßig größte Afrikas, wobei weite Teile allerdings in der Sahara liegen Algerien
33%
Diese Inselgruppe war das erste Land, welches Christopher Kolumbus auf seiner Ersten Atlantiküberquerung erreichte Bahamas
33%
In diesem Land (bzw. dem mittelalterlichem Vorgängerstaat) wurde als erstes die kyrillische Schrift eingeführt Bulgarien
33%
Diese Insel trägt ihren Namen, weil Christopher Kolumbus sie zum ersten Mal an einem Sonntag sah Dominica
33%
Die USA führten 1983 eine Invasion auf dieser Karibikinsel durch, um die sozialistische Regierung zu stürzen Grenada
33%
Fidel Castro war viele Jahre Präsident dieses Inselstaates Kuba
33%
Diese Inselgruppe wurde lange Zeit von den Johannitern regiert Malta
33%
Pazifischer Inselstaat, welcher den größten Teil der Karolineninseln ausmacht Mikronesien
33%
Spezialitäten dieses Landes sind u.a. Kibbelinge, Gouda, Poffertjes und Bessen Genever Niederlande
33%
In diesem Land kann die Masurische Seenplatte besucht werden Polen
33%
Dieser melanesische Inselstaat ist nach einem alttestamentarischen König benannt Salomonen
33%
Bekannte Firmen wie IKEA, Volvo und Spotify haben ihren Firmensitz in diesem Land Schweden
33%
Dieses Land ist für seine Neutralität bekannt und war dadurch auch Sitz des Völkerbundes Schweiz
33%
Der Einsturz eines Bahnhofsdaches 2024 führte zu bis heute anhaltenden Protesten gegen die Korruption der SNS-Regierung Vucics Serbien
33%
Staat im Pamir und Alaigebirge mit der höchsten Durchschnittshöhe der Welt mit 3186 Metern über dem Meeresspiegel Tadschikistan
33%
In der Hauptstadt dieses Staates wurden zweimal Menschen aus Fenstern gestürzt, was beide Male zu grausamen Religionskriegen beigetragen hat Tschechien
33%
Die Flagge dieses Staates am Victoriasee ziert ein Kronenkranich Uganda
33%
Staat in den Kleinen Antillen, bestehend "Der Alten" und "Der Bärtigen" Antigua und Barbuda
28%
Das Staatsgebiet dieses Landes liegt in einem schmalen Streifen entlang eines gleichnamigen Flusses in Westafrika Gambia
28%
Die Küste dieses Landes wurde früher Goldküste genannt Ghana
28%
In diesem Inselstaat, welcher Teil der Gilbertinseln ist, kann am frühesten das neue Jahr begrüßt werden Kiribati
28%
Die antike Zivilisation der Phönizier stammte aus diesem Land Libanon
28%
In diesem Staat ereignete sich ein Völkermord an den Tutsi Ruanda
28%
Früher als Nordrhodesien bekannter Staat, in dem sich die Victoriafälle befinden Sambia
28%
Rapper Akon und Fußballer Sadio Mane kommen aus diesem westafrikanischen Land Senegal
28%
Stadtstaat in der Straße von Malakka Singapur
28%
Pazifikmonarchie, dessen Top-Level-Domain beliebt bei (illegalen) Streamingseiten ist Tonga
28%
Die Musikstile Calypso und Soca stammen von diesem karibischen Inselstaat Trinidad und Tobago
28%
Zu diesem afrikanischen Staat gehört die erdölreiche Exklave Cabinda Angola
22%
Der letzte Kaiser dieses Staates wird von Rastafaris als Messias verehrt Äthiopien
22%
Der Weltraumbahnhof Baikonur befindet sich in diesem Land Kasachstan
22%
Dieses Land besteht aus den Landesteilen Tripolitanien, Kyrenaika und Fessan Libyen
22%
In einem gleichnamigen Dreamworks-Film stranden ein Löwe, ein Zebra, ein Nilpferd und eine Giraffe auf dieser Insel Madagaskar
22%
Diese Monarchie in Südostasien wechselt alle 5 Jahre ihren Monarchen Malaysia
22%
Das für seine Atomwaffentests bekannte Bikini-Atoll ist Teil dieses Pazifikstaates Marshall-Inseln
22%
Das Gebiet dieses Balkanstaates ist im wesentlichen deckungsgleich mit dem mittelalterlichen Königreich Zeta Montenegro
22%
Durch das aride Klima einer gleichnamigen Wüste ist dieser Staat im südlichen Afrika sehr dünn besiedelt Namibia
22%
Dieser Staat in Ostasien ist nach einem Habsburger-König benannt Philippinen
22%
Vorgängerstaat dieses europäischen Landes ist das Herzogtum Krain Slowenien
22%
Staat in den kleinen Antillen, in dem der erste Fluch der Karibik Film gedreht wurde St Vincent und die Grenadinen
22%
Dieses Land wurde vom exzentrischen Dikator und "Popstar" Gurbanguly Berdimuhamedow regiert Turkmenistan
22%
Maler Marc Chagall wurde in dieser Ex-Sowjetischen Republik geboren Belarus
17%
Dieser Staat in Westafrika wurde bis in die 70er Dahomey genannt Benin
17%
Der in der Nationalmannschaft dieses Landes spielende Pierre-Emerick Aubameyang wurde 2017 Bundesliga-Torschützenkönig Gabun
17%
Westafrikanisches Land, das durch die Mündung von Geba und Corubal und das Bissagos-Archipel geprägt wird Guinea-Bissau
17%
In diesem ostafrikanischen Land fand der Mau-Mau-Krieg gegen die Kolonialbesatzung statt Kenia
17%
Dieses Land heißt wie einer der größten Seen Ostafrikas Malawi
17%
Der König dieses Landes Mansa Musa gilt als einer der reichsten Menschen aller Zeiten Mali
17%
Die roten und blauen Briefmarken, die 1847 in diesem Inselstaat herrausgegen wurden, gelten als Heiliger Gral von Philatelisten Mauritius
17%
Die meisten Stätten der Induskultur (Mohenjo-Daro, Harappa, Ganweriwala etc.) befinden sich in diesem Land Pakistan
17%
Südsee-Inselstaat, welcher in Bildern von Max Pechstein abgebildet wurde Palau
17%
In diesem Pazifikstaat wurde Tanumafili II. das erste Bahai-Staatsoberhaupt der Welt Samoa
17%
Diese kleine Antilleninsel hat mit dem Ökonomen W. Arthur Lewis und dem Dichter Derek Walcott die höchste Nobelpreisträgerdichte der Welt St Lucia
17%
Sahelstaat an großem gleichnamigen See. Das Reich von Kanem-Bornu hatte sein Zentrum in diesem Land Tschad
17%
Dieser Staat war eine sogenannte Bananenrepublik, in der die CIA 1954 die Regierung stürzte, um die Gewinne der United Fruit Company (Chiquita) zu schützen Honduras
11%
Staat im Tianshan-Gebirge mit weltgrößtem Walnuss-Wald und Yssik-Köl-See Kirgisistan
11%
In diesem Land kann man die buddhistischen und hinduistischen Tempel von Luong Prabang und Wat Phou besuchen Laos
11%
Der Irrawaddy fließt durch die größten Städte dieses Landes Myanmar
11%
Katholischer Inselstaat in Südostasien, welcher 2002 unabhängig wurde Osttimor
11%
Jesus soll laut Bibel in diesem Land geboren sein Palästina
11%
Auf diesem Inselstaat im Atlantik konnte Arthur Eddington bei einer Sonnenfinsternis die Krümmung der Raumzeit durch die Sonne beobachten und dadurch die Allgemeine Relativitätstheorie bestätigen Sao Tome und Principe
11%
Melanesische Inseln im Pazifik, die auch als Neue Hebriden bekannt sind und auf denen 110 unterschiedliche Sprachen gesprochen werden Vanuatu
11%
Dieser Staat wurde in den 80ern von Thomas Sankara regiert, der erfolgreiche Alphabetisierungs- und Impfkampagnen durchführen ließ Burkina Faso
6%
In diesem Land kam es zum Jonestown-Massaker, als die Mitglieder des Peoples Temple Massensuizid begingen Guyana
6%
Anfang des 19. Jahrhunderts konnte sich die Sklavenbevölkerung dieses Landes eigenmächtig von ihren Herren befreien Haiti
6%
In diesem Land wurde 1980 die Sklaverei offiziell verboten, existiert aber bis heute de facto fort Mauretanien
6%
Dieses Land heißt übersetzt Löwengebirge Sierra Leone
6%
Teile dieses Landes werden von der Al-Shabaab-Miliz kontrolliert Somalia
6%
Die Kuomintang floh nach verlorenem Bürgerkrieg auf diese Pazifikinsel Taiwan
6%
Viele bedeutende Orte des Altertums wie Ephesos, Milet, Antiochia oder Hattusa befinden sich in diesem Land Türkei
6%
Der Vorgängerstaat dieses Landes war in der Antike Zankapfel zwischen Römern und Sassaniden und der (vielleicht) erste christliche Staat der Welt Armenien
0%
Der Diktator dieses Landes Jean-Bédel Bokassa ließ sich 1976 zum Kaiser krönen Zentralafrikanische Republik
0%
Keine übereinstimmenden Quizze gefunden
Verteilung der Resultate
Anzahl Personen mit jedem Resultat
Perzentil nach korrekt beantworteten Fragen
Ihre Resultats-Entwicklung
Sie haben dieses Quiz seit der letzten Aktualisierung nicht gespielt